000 00600nam a2200205Ia 4500
005 20250508151110.0
008 008 250505s9999 xx 000 0 eng d
037 _aTextual
040 _aFEDL
_beng
_cFEDL
041 _aeng
_2eng
084 _a020.7, TOS
_qFEDL
100 _aToser Marie A
245 0 _aLibrary manual: A study-work manual of lessons on the use of books and libraries
260 _aNew York, USA
_bThe H. W. Wilson Company
_c1951
300 _a92p.
365 _aINR
_b4
650 _aLibrary Science
942 _cTEXL
_h020.7, TOS
999 _c1327573
_d1327573